| 000 | 00996nam a2200241 i 4500 | ||
|---|---|---|---|
| 001 | 179010 | ||
| 003 | ES-MaACL | ||
| 005 | 20260301183426.0 | ||
| 008 | 110819s1877 sp |||| | spa d | ||
| 080 | _a799.2(02)"13" | ||
| 100 | 0 |
_aAlfonso _bXI, _cRey de Castilla _919873 |
|
| 245 | 1 | 0 |
_aLibro de la montería / _cdel Rey Alfonso XI ; con un discurso y notas de José Gutiérrez de la Vega. |
| 260 |
_aMadrid : _b[s.n.], _c1877 ( _fImp. y fundición de M. Tello) |
||
| 300 |
_a2 v. ; _c18 cm. |
||
| 490 | 1 |
_aBiblioteca venatoria de Gutiérrez de la Vega ; _v1-2 |
|
| 530 | _aDisponible en formato digital. | ||
| 650 | 4 |
_aCaza mayor- _vObras anteriores a 1800. _9147670 |
|
| 700 | 1 |
_aGutiérrez de la Vega, José. _9127654 |
|
| 830 | 0 |
_aBiblioteca venatoria de Gutiérrez de la Vega ; _v1-2 _9191046 |
|
| 852 |
_aES-MaACL _jG-10323-24 |
||
| 856 |
_uhttp://bibliotecadigital.jcyl.es/i18n/consulta/registro.cmd?id=16478 _zBiblioteca Digital de Castilla y León |
||
| 999 |
_c179010 _d179010 |
||